| 000 | 00953nam a22002537a 4500 | ||
|---|---|---|---|
| 999 |
_c1670 _d1670 |
||
| 003 | AR-CdUCM | ||
| 008 | 190227b ||||| |||| 00| 0 spa d | ||
| 020 | _a8483701928 | ||
| 040 |
_aMUNICIPALIDAD PROVINCIAL DEL CUSCO _cBIBLIOTECA MUNICIPAL DEL CUSCO |
||
| 041 | _hale | ||
| 082 |
_a291.17 / _bR84 |
||
| 100 |
_aRosing, Ina _96199 |
||
| 245 |
_aLa Mesa Blanca Callawaya : _buna introducción / |
||
| 260 |
_aBolivia : _bLos amigos del libro, _c1992. |
||
| 300 |
_a292 paginas ; _c23 cm. |
||
| 505 | _aEl problema de la traducción quechua -- La investigación sobre los callawayas -- Conceptos propios y extraños, simplicidad y complejidad -- Particularidades de la curación... | ||
| 650 |
_aCuranderos y medicos _96200 |
||
| 650 |
_aHierbas silvestres _96201 |
||
| 650 |
_aPraxis curativa _96202 |
||
| 650 |
_aOfrendas de mesa _96203 |
||
| 700 |
_aDen Berg, Hans Van (Traduccion) _96204 |
||
| 942 |
_2ddc _cLIBROS |
||
| 945 |
_awnts _d2019-02-27 |
||